00677nam a2200241 a 4500001001300000003000900013005001700022008004100039020000800080082001700088100002500105245002800130260003600158300000900194500003500203505001300238650001600251700002500267902000800292942000700300952011300307999001500420nice12345678IN_TiNIC20260116011836.0050524s1968 alla grp 000 0 urd  ac200a891.41bNAS3 aNaseem, Daya Shankar aMasnavi Gulzar-E-Naseem aAllahabadbRam Narain Lalc1968 a182p aincludes index and biblioraphy2 aappendix aUrdu-Poetry1 aNaseem, Daya Shankar bSRS cBK 001040708StackRoom-aHMIbHMId2007-06-20g2.00l0o891.41 NAS3p09535r2007-06-20v2.00w2005-05-24yBK c4372d4372